| 000 | 00378cam a22001097a 4500 | ||
|---|---|---|---|
| 008 | 180718b1977 xxu||||| |||| 00| 0 eng d | ||
| 082 | _aTooox5453 K45p | ||
| 245 |
_aPlan finance and expenditure in Kerala _cby Economic Division, State Planning Board |
||
| 260 |
_aKerala _bGovernment of Kerala _c1977 |
||
| 300 | _a57p | ||
| 700 | _aTrivandrum. Economic Division, State Planning Board | ||
| 999 |
_c496705 _d496705 |
||